zpět

Detail výsledku týmu

The PUB Praha 6 , Praha

Datum a čas kvízu

33.5 Celkem bodů Celkový počet nahraných bodů na tomto kvízu bez doplňovacích otázek.
7. Pořadí na kvízu Konečné umístění týmu na tomto kvízu.

Zaznamenané odpovědi

# Otázka Odpověď Body Výsledky
1. "Po ___ společných letech plný... třiceti 1
2. V minulém týdnu se objevila zp... A 1
3. Ve čtvrtek proběhlo předávání... Hella, Alena Machoninová 0
4. Abstraktní obraz Conception/Da... František Kupka 1
5. Při závodě třídy Moto3 ve Velk... snažil se nastartovat soupeřovu motorku 1
6. Jihoafrická republika má de fa... Kapské město; Bloemfontein 1
7. Které evropské hlavní město se... Oslo 0
8. Zatímco některé země mají hlav... o Nauru 1
9. Které malebné a nepříliš lidna... Lublaň 1
10. Kazachstán drží rekord v přejm... Astana; Nur-Sultan 1